000 00298nam a2200097Ia 4500
082 _a345.680231 JOFF
245 0 _aThe state vs. Nelson Mandela : the trial that changed South Africa
100 _a JOFFE, Joel Oxford, 2009
_970206
942 _cBK
008 210817s9999 xx 000 0 und d
999 _c227271
_d227272